| 000 | 00560nam a2200181Ia 4500 | ||
|---|---|---|---|
| 005 | 20250317130208.0 | ||
| 008 | 008 250317s9999 xx 000 0 eng d | ||
| 037 | _aTextbook | ||
| 040 |
_aFMSL _beng _cFMSL |
||
| 041 |
_aeng _2eng |
||
| 084 |
_aX8(J).44 M8 _qFMSL |
||
| 100 |
_aHanumantha Rao C H _9257252 |
||
| 245 | 0 | _aUnstable agriculture and draghts : Implications for policy | |
| 260 |
_aN.D _bN.D, Vikas Pub. House _c1988 |
||
| 300 | _ax,192 | ||
| 942 |
_cTB _hX8(J).44 M8 |
||
| 999 |
_c1262729 _d1262729 |
||